000 00767nam a22002657a 4500
003 CHAP
005 20220329133850.0
008 971013s1985 r 00010 d
010 _a11985
011 _a12957
035 _a17027
040 _cCHAP
082 _a709.437
_bG3
100 0 0 _aGawlik, Ladislav.
_947324
245 _aArte checoslovaco
260 _aPraga :
_bAgencia de prensa Orbis,
_c1985
300 _a59 p.
_b: ilus.
590 _aBATCH-UPD
_b10
_c20130109
_lUCH01
_h2337
590 _aBATCH-UPD
_b10
_c20130110
_lUCH01
_h2244
590 _aCONVERSION
_b10
_c20130109
_lUCH01
_h1308
650 1 4 _aArte
_xChecoslovaquia.
_97693
901 _aBK
942 _cLIBRO
949 _a709.437 G3
_bBC
_cLIBRO
_d33724000108676
_eLIBRO
_h70189
_i17027
_mDr. Méndez
_si
999 _c11985
_d11985